1871 1417 1800 1239 1146 1056 1605 1010 1961 1281 1237 1390 1939 1975 1580 1824 1769 1617 1196 1401 1878 1042 1669 1426 1202 1248 1869 1215 1020 1064 1854 1051 1129 1190 1524 1669 1048 1885 1765 1348 1019 1406 1234 1696 1811 1856 1648 1286 1576 1103 1067 1502 1484 1834 1699 1215 1778 1606 1241 1267 1062 1716 1030 1488 1478 1707 1363 1661 1595 1095 1677 1011 1931 1467 1920 1224 1858 1692 1942 1495 1771 1965 1410 1982 1120 1299 1386 1251 1929 1489 1454 1830 1654 1200 1702 1014 1898 1607 1605 BCNSPRNW ULIB Ver.6.0+V

เปลี่ยนเป็นภาษาไทย

Change to English
 แสดงรายละเอียดบรรณานุกรม
  กลับหน้าหลัก

Brief Record : Get Marc (ISO 2709) : E-mail record : QR code < ปิดหน้าต่าง
LEADER : 00000nam 2200000uu 4500
001    13399114228
003     ULIB
008    120305s2554||||th 000 0 tha d
020    ^a9789741114610
060 04 ^aWB100^bน445S
100 0  ^aนิธิพัฒน์ เจียรกุล
245 00 ^aSecond Siriraj internal medicine board review /^cนิธิพัฒน์ เจียรกุล,บรรณาธิการ
250    ^aพิมพ์ครั้งที่ 1
260    ^aกรุงเทพฯ :^bภาพพิมพ์,^c2554
300    ^a562 หน้า :^bภาพประกอบ ;^c30 ซม.
500    ^aการประชุม Siriraj internal medicine board review
650  7 ^aอายุรศาสตร์^vรวมเรื่อง
653    ^aผลงานอาจารย์คณะแพทยศาสตร์ศิริราชพยาบาล
700 0  ^aนิธิพัฒน์ เจียรกุล,^eบรรณาธิการ
710 2  ^aมหาวิทยาลัยมหิดล. ^bคณะแพทยศาสตร์ศิริราชพยาบาล.
945    ^p0^l0^i18892
945    ^p0^l0^i18893
995    ^aกัณชพร
999 ^a ใช้งานได้ทุกระบบ
รายการนี้ยังไม่มีแท็ก
คุณยังไม่ได้ล็อกอิน คุณสามารถมีกิจกรรมร่วมกับเว็บไซต์ได้ แต่ต้องล็อกอินก่อน ::
  ล็อกอิน

รายการสื่อสารสนเทศ

ลำดับที่ ประเภท เลขเรียก/บาร์โค้ด สถานที่ สถานะ
1. วิทยาศาสตร์การแพทย์ และสุขภาพ
วิทยาศาสตร์การแพทย์ และสุขภาพ
WB100 น445S  
  Barcode: 18892
ห้องสมุดวิทยาเขตนครสวรรค์
►ส่วนจัดเก็บหนังสือเก่า นว.
บนชั้น
  ขอยืม
2. วิทยาศาสตร์การแพทย์ และสุขภาพ
วิทยาศาสตร์การแพทย์ และสุขภาพ
WB100 น445S ฉ.2 
  Barcode: 18893
ห้องสมุดวิทยาเขตนครสวรรค์
►ส่วนจัดเก็บหนังสือเก่า นว.
บนชั้น
  ขอยืม

รายการใกล้เคียง
    ผู้แต่ง [นิธิพัฒน์ เจียรกุล]

BibComment


ยังไม่เคยถูกคอมเมนท์

คอมเมนท์ทรัพยากรรายการนี้
  คอมเมนท์: Second Siriraj i..


 Copyright 2026. Bcnsprnw @Library